• 首页
  • 本馆介绍
  • 公告通知
  • 最新文献
  • 馆藏检索
  • 电子资源
  • 读者导购
  • 参考咨询
  • 我的图书馆
  • 登录
  • 详细信息显示
  • 放入我的书架
  • 预约/预借图书
  • 作者相关作品
  • 分类相关作品
  • 丛书相关作品
  • 出版社相关作品

书目信息

  • 表格格式
  • 工作单格式
  • 卡片格式
题名:
中国、美国与欧洲
    
 
作者: 陈志敏 著
分册:  
出版信息: 上海   上海人民出版社  2011.08
页数: 300页
开本: 23cm
丛书名: 欧盟与世界丛书
单 册:
中图分类: D822.3
科图分类:
主题词: 中美关系--研究 , 中外关系--研究--欧洲 , 国际关系--研究--中国--美国--欧洲 , 中美关系 , 中外关系 , 国际关系
电子资源:
ISBN: 978-7-208-09931-9
000 01095oam2 2200325 450
001 012011291993
005 20120612085235.87
010    @a978-7-208-09931-9@dCNY42.00
100    @a20111012d2011 em y0chiy50 ea
101 0  @achi
102    @aCN@b310000
105    @aak z 000yy
106    @ar
200 1  @a中国、美国与欧洲@9zhong guo、mei guo yu ou zhou@e新三边关系中的合作与竞争@f陈志敏等著
210    @a上海@c上海人民出版社@d2011.08
215    @a300页@c图@d23cm
225 2  @a欧盟与世界丛书
330    @a本书在战略三角理论的基础上发展一个分析中美欧三边关系的框架,并深入到三边关系的各个方面,来充分展示三边关系的复杂性和多面性。
461  0 @12001 @a欧盟与世界丛书
517 1  @a新三边关系中的合作与竞争@9xin san bian guan xi zhong de he zuo yu jing zheng
606 0  @a中美关系@x研究
606 0  @a中外关系@x研究@y欧洲
606 0  @a国际关系@x研究@y中国@y美国@y欧洲
606 0  @a中美关系
606 0  @a中外关系
606 0  @a国际关系
690    @aD822.3@v4
701  0 @a陈志敏@9chen zhi min@4著
801  0 @aCN@bRENTIAN@c20111012
905    @b539532-36@dD822.3@e115@f5
    
    中国、美国与欧洲:新三边关系中的合作与竞争/陈志敏等著.-上海:上海人民出版社,2011.08
    300页:图;23cm.-(欧盟与世界丛书)
    
    
    ISBN 978-7-208-09931-9:CNY42.00
    本书在战略三角理论的基础上发展一个分析中美欧三边关系的框架,并深入到三边关系的各个方面,来充分展示三边关系的复杂性和多面性。
●
相关链接 在E读中查询图书 在五车中查询图书 在当当中查询图书 在豆瓣中查询图书


正题名:中国、美国与欧洲     索取号:D822.3/115         预约/预借

序号 登录号 条形码 馆藏地/架位号 状态 备注
1 539532   205395320   第一样本阅览室/ [索取号:D822.3/115] 在馆    
2 539533   205395339   第一借阅区/ [索取号:D822.3/115] 在馆    
3 539534   205395348   第一借阅区/ [索取号:D822.3/115] 在馆    
4 539535   205395357   第一借阅区/ [索取号:D822.3/115] 在馆    
5 539536   205395366   第一借阅区/ [索取号:D822.3/115] 在馆    
唐山师范学院图书馆 欢迎您!
大连网信软件有限公司© 版权所有